<?xml version="1.0" encoding="UTF-8"?>
<record
    xmlns:xsi="http://www.w3.org/2001/XMLSchema-instance"
    xsi:schemaLocation="http://www.loc.gov/MARC21/slim http://www.loc.gov/standards/marcxml/schema/MARC21slim.xsd"
    xmlns="http://www.loc.gov/MARC21/slim">

  <leader>01948nam a22002657a 4500</leader>
  <controlfield tag="001">4695</controlfield>
  <controlfield tag="003">FISKH</controlfield>
  <controlfield tag="005">20240923092909.0</controlfield>
  <controlfield tag="008">240923b        cb ||||| |||| 00| 0 eng d</controlfield>
  <datafield tag="020" ind1=" " ind2=" ">
    <subfield code="a">9780007230594</subfield>
  </datafield>
  <datafield tag="040" ind1=" " ind2=" ">
    <subfield code="a">FISKH</subfield>
    <subfield code="b">eng</subfield>
    <subfield code="c">FISKH</subfield>
    <subfield code="d">FISKH</subfield>
  </datafield>
  <datafield tag="050" ind1=" " ind2=" ">
    <subfield code="a">PZ7.M82712</subfield>
  </datafield>
  <datafield tag="082" ind1=" " ind2=" ">
    <subfield code="2">823.914</subfield>
  </datafield>
  <datafield tag="100" ind1=" " ind2=" ">
    <subfield code="a">Morpurgo, Michael</subfield>
    <subfield code="d">1943-</subfield>
  </datafield>
  <datafield tag="245" ind1=" " ind2=" ">
    <subfield code="a">Born to run /</subfield>
    <subfield code="c">Michael morpurgo Illustrated by Michael Foreman</subfield>
  </datafield>
  <datafield tag="250" ind1=" " ind2=" ">
    <subfield code="a">2007</subfield>
  </datafield>
  <datafield tag="260" ind1=" " ind2=" ">
    <subfield code="a">London :</subfield>
    <subfield code="b">Harper Collins,</subfield>
    <subfield code="c">2007.</subfield>
  </datafield>
  <datafield tag="300" ind1=" " ind2=" ">
    <subfield code="a">251 pages :</subfield>
    <subfield code="b">illustrations ;</subfield>
    <subfield code="c">20cm</subfield>
  </datafield>
  <datafield tag="520" ind1=" " ind2=" ">
    <subfield code="a">Joy and heartbreak combine in this bittersweet tale of a champion greyhound's journey through life - and from owner to owner... "The sack wasn't just drifting gently along like everything else, it was turning of its own accord. There was definitely something inside it, struggling against the side of the plastic bag, kicking at it, squeaking and squealing in terror. He had no idea what it might be, only that it was alive and in danger of drowning." When Patrick saves a litter of greyhound puppies from the canal, he can't bear to hand them all over to the RSPCA. He pleads with his parents: couldn't he just keep one of them? But nothing will convince them and Patrick cries himself to sleep - only to be woken by a greyhound puppy licking his face! Patrick christens his puppy Best Mate, and that's what he becomes. Patrick's favourite thing is to watch Best Mate running at full stretch on the heath, a speeding bullet, a cheetah-dog. Until one day Best Mate is kidnapped by a greyhound trainer, and begins a new life as a champion race dog. Suzie, the greyhound trainer's step-daughter, loves Best Mate on first sight and gives him a new name, Bright Eyes. But what will happen when he can't run any more?</subfield>
  </datafield>
  <datafield tag="650" ind1=" " ind2=" ">
    <subfield code="2">Animals</subfield>
    <subfield code="a">Greyhound</subfield>
    <subfield code="v">Dogs - Fiction</subfield>
  </datafield>
  <datafield tag="650" ind1=" " ind2=" ">
    <subfield code="2">Friendship</subfield>
    <subfield code="a">Young adult</subfield>
  </datafield>
  <datafield tag="700" ind1=" " ind2=" ">
    <subfield code="a">Foreman, Michael</subfield>
    <subfield code="d">Illustrator</subfield>
  </datafield>
  <datafield tag="942" ind1=" " ind2=" ">
    <subfield code="2">ddc</subfield>
    <subfield code="c">BK</subfield>
    <subfield code="n">0</subfield>
  </datafield>
  <datafield tag="999" ind1=" " ind2=" ">
    <subfield code="c">4695</subfield>
    <subfield code="d">4695</subfield>
  </datafield>
  <datafield tag="952" ind1=" " ind2=" ">
    <subfield code="0">0</subfield>
    <subfield code="1">0</subfield>
    <subfield code="2">ddc</subfield>
    <subfield code="4">0</subfield>
    <subfield code="7">0</subfield>
    <subfield code="a">001</subfield>
    <subfield code="b">001</subfield>
    <subfield code="c">SBS</subfield>
    <subfield code="d">2024-09-23</subfield>
    <subfield code="l">0</subfield>
    <subfield code="o">MOR 823.914 PZ7.M82712</subfield>
    <subfield code="p">2024-2056</subfield>
    <subfield code="r">2024-09-23 09:29:02</subfield>
    <subfield code="t">1</subfield>
    <subfield code="w">2024-09-23</subfield>
    <subfield code="y">BK</subfield>
  </datafield>
</record>
